| 000 | 00407nam a2200145 a 4500 | ||
|---|---|---|---|
| 001 | 1457 | ||
| 003 | CDMR | ||
| 005 | 20130116135211.0 | ||
| 008 | 130130s1993||||||||||||||||||||||||||||d | ||
| 040 |
_aCDMR _bcat _cCPC LLEIDA |
||
| 100 | 1 |
_aGarcĂa Pons, Enrique _91109 |
|
| 245 | 1 | 0 |
_aHistoria de la prensa badalonesa (1868-1939) _cGARCIA PONS, Enrique |
| 260 |
_aBarcelona _c1993 _bAjuntament Badalona |
||
| 942 | _cMON | ||
| 999 |
_c1457 _d1457 |
||